000 00535nam a2200217Ia 4500
001 12607
003 GE_BSU
008 181216s||||||||xx |||||||||||||| ||und||
040 _cGE_BSU
080 _a634.1(075.32)
100 _aЧхаидзе,Г.И.
245 _aЧаеводство
245 _cРед.З.И.Уткина
260 _aМосква
260 _bКолос
260 _c1979
300 _a359стр.илл
300 _cуказатель лит-ры с.355
653 _aЧаеводство
942 _cBK
999 _c45780
_d45780